| 000 | 00561nam a2200193 a 4500 | ||
|---|---|---|---|
| 005 | 20210223125921.0 | ||
| 008 | 060317s2001 es 000 0 spa d | ||
| 020 | _a8483063867 | ||
| 035 | _aUPN01000144308 | ||
| 049 | _aCG | ||
| 050 | 4 |
_aF2120 _bN3.6 |
|
| 100 | 1 |
_aNaipaul, Vladimir Surajprasad, _d1932- _931029 |
|
| 245 | 1 | 3 |
_aLa pérdida de El Dorado / _cV. S. Naipaul ; tr. Flora Casas. |
| 260 |
_aMadrid : _bDebate, _c2001. |
||
| 300 |
_a407 p. : _bil. |
||
| 651 | 4 |
_aTRINIDAD Y TOBAGO - _xHISTORIA _915247 |
|
| 650 | 4 |
_aEL DORADO _915248 |
|
| 905 | _aLibro | ||
| 999 |
_c116455 _d116455 |
||